<?xml version="1.0" encoding="UTF-8"?>
<record
    xmlns:xsi="http://www.w3.org/2001/XMLSchema-instance"
    xsi:schemaLocation="http://www.loc.gov/MARC21/slim http://www.loc.gov/standards/marcxml/schema/MARC21slim.xsd"
    xmlns="http://www.loc.gov/MARC21/slim">

  <leader>01356nam2a2200265   4500</leader>
  <controlfield tag="001">RU\NLR\BIBL_A\012118631</controlfield>
  <controlfield tag="005">20191115143825.0</controlfield>
  <datafield tag="010" ind1=" " ind2=" ">
    <subfield code="a">978-5-9500485-9-3</subfield>
  </datafield>
  <datafield tag="021" ind1=" " ind2=" ">
    <subfield code="a">RU</subfield>
    <subfield code="b">&#x41A;&#x41D;-&#x41F;-19-069295</subfield>
    <subfield code="9">&#x41A;&#x41D;-&#x41F;-19-4994</subfield>
  </datafield>
  <datafield tag="035" ind1=" " ind2=" ">
    <subfield code="a">(NLR Aleph) 012118631</subfield>
  </datafield>
  <datafield tag="035" ind1=" " ind2=" ">
    <subfield code="a">(RuMoRGB)010095264</subfield>
  </datafield>
  <datafield tag="090" ind1=" " ind2=" ">
    <subfield code="a">11981156</subfield>
    <subfield code="c">11981156</subfield>
  </datafield>
  <datafield tag="100" ind1=" " ind2=" ">
    <subfield code="a">20191014d2019    k  y0rusy50      ca</subfield>
  </datafield>
  <datafield tag="101" ind1="0" ind2=" ">
    <subfield code="a">rus</subfield>
  </datafield>
  <datafield tag="102" ind1=" " ind2=" ">
    <subfield code="a">RU</subfield>
  </datafield>
  <datafield tag="105" ind1=" " ind2=" ">
    <subfield code="a">a|||b|||000zy</subfield>
  </datafield>
  <datafield tag="200" ind1="1" ind2=" ">
    <subfield code="a">1999-2022</subfield>
    <subfield code="f">[&#x430;&#x432;&#x442;&#x43E;&#x440;&#x44B;-&#x441;&#x43E;&#x441;&#x442;&#x430;&#x432;&#x438;&#x442;&#x435;&#x43B;&#x438;: &#x413;&#x443;&#x441;&#x435;&#x432; &#x421;&#x430;&#x432;&#x435;&#x43B;&#x438;&#x439; &#x41E;&#x43B;&#x435;&#x433;&#x43E;&#x432;&#x438;&#x447;, &#x413;&#x440;&#x438;&#x433;&#x43E;&#x440;&#x44C;&#x435;&#x432;&#x430; &#x415;&#x43A;&#x430;&#x442;&#x435;&#x440;&#x438;&#x43D;&#x430; &#x421;&#x435;&#x440;&#x433;&#x435;&#x435;&#x432;&#x43D;&#x430;]</subfield>
  </datafield>
  <datafield tag="210" ind1=" " ind2=" ">
    <subfield code="d">2019</subfield>
  </datafield>
  <datafield tag="215" ind1=" " ind2=" ">
    <subfield code="a">196 &#x441;.</subfield>
    <subfield code="c">&#x438;&#x43B;., &#x446;&#x432;. &#x438;&#x43B;., &#x442;&#x430;&#x431;&#x43B;.</subfield>
  </datafield>
  <datafield tag="461" ind1=" " ind2="0">
    <subfield code="1">001RU\NLR\BIBL_A\011706817</subfield>
    <subfield code="1">2001#$a&#x41A;&#x430;&#x442;&#x430;&#x43B;&#x43E;&#x433; &#x43C;&#x43E;&#x43D;&#x435;&#x442; &#x438;&#x437; &#x43D;&#x435;&#x434;&#x440;&#x430;&#x433;&#x43E;&#x446;&#x435;&#x43D;&#x43D;&#x44B;&#x445; &#x43C;&#x435;&#x442;&#x430;&#x43B;&#x43B;&#x43E;&#x432; &#x438; &#x431;&#x430;&#x43D;&#x43A;&#x43D;&#x43E;&#x442; &#x435;&#x432;&#x440;&#x43E;$fCoins Moscow[.ru$g&#x41A;&#x43E;&#x440;&#x43E;&#x43B;&#x435;&#x432;&#x430; &#x414;. &#x410;.]$v[2019, &#x432;&#x44B;&#x43F;. 2]</subfield>
    <subfield code="9">11414264</subfield>
    <subfield code="c">&#x41C;&#x43E;&#x441;&#x43A;&#x432;&#x430;</subfield>
    <subfield code="d">[2018]</subfield>
    <subfield code="f">CoinsMoscow[.ru</subfield>
    <subfield code="n">Coins Mos&#x441;ow</subfield>
    <subfield code="t">&#x41A;&#x430;&#x442;&#x430;&#x43B;&#x43E;&#x433; &#x43C;&#x43E;&#x43D;&#x435;&#x442; &#x438;&#x437; &#x43D;&#x435;&#x434;&#x440;&#x430;&#x433;&#x43E;&#x446;&#x435;&#x43D;&#x43D;&#x44B;&#x445; &#x43C;&#x435;&#x442;&#x430;&#x43B;&#x43B;&#x43E;&#x432; &#x438; &#x431;&#x430;&#x43D;&#x43A;&#x43D;&#x43E;&#x442; &#x435;&#x432;&#x440;&#x43E;</subfield>
    <subfield code="v">[2019, &#x432;&#x44B;&#x43F;. 2]</subfield>
  </datafield>
  <datafield tag="702" ind1=" " ind2="1">
    <subfield code="4">220</subfield>
    <subfield code="a">&#x413;&#x443;&#x441;&#x435;&#x432;</subfield>
    <subfield code="b">&#x421;. &#x41E;.</subfield>
    <subfield code="c">&#x431;&#x438;&#x437;&#x43D;&#x435;&#x441;&#x43C;&#x435;&#x43D;, &#x441;&#x43F;&#x435;&#x446;&#x438;&#x430;&#x43B;&#x438;&#x441;&#x442; &#x43F;&#x43E; &#x430;&#x43D;&#x442;&#x438;&#x43A;&#x432;&#x430;&#x440;&#x438;&#x430;&#x442;&#x443;</subfield>
    <subfield code="g">&#x421;&#x430;&#x432;&#x435;&#x43B;&#x438;&#x439; &#x41E;&#x43B;&#x435;&#x433;&#x43E;&#x432;&#x438;&#x447;</subfield>
    <subfield code="9">204782</subfield>
    <subfield code="3">RU\NLR\AUTH\770204834</subfield>
  </datafield>
  <datafield tag="942" ind1=" " ind2=" ">
    <subfield code="c">BOOK</subfield>
  </datafield>
  <datafield tag="980" ind1=" " ind2=" ">
    <subfield code="a">NB</subfield>
  </datafield>
  <datafield tag="995" ind1=" " ind2=" ">
    <subfield code="5">2019-10-14</subfield>
    <subfield code="a">ad</subfield>
    <subfield code="b">NLR01</subfield>
    <subfield code="c">NLR01</subfield>
    <subfield code="e">RF31</subfield>
    <subfield code="f">1-2883371</subfield>
    <subfield code="k">2018-3/7127</subfield>
    <subfield code="o">0</subfield>
    <subfield code="r">BOOK</subfield>
    <subfield code="s">201837127_</subfield>
  </datafield>
  <datafield tag="995" ind1=" " ind2=" ">
    <subfield code="5">2019-10-14</subfield>
    <subfield code="a">ad</subfield>
    <subfield code="b">NLR01</subfield>
    <subfield code="c">NLR01</subfield>
    <subfield code="e">RF31</subfield>
    <subfield code="f">1-2883372</subfield>
    <subfield code="k">2018-3/7127</subfield>
    <subfield code="o">0</subfield>
    <subfield code="r">BOOK</subfield>
    <subfield code="s">201837127_</subfield>
  </datafield>
</record>
